000
00458nam a2200145Ia 4500
008
100122s9999 xx 000 0 und d
082
_b
25414
_a
181.4
100
_a
बेलसरे केशव वि
245
_a
आनंद साधना
260
_b
बुकसेलर्स आणि पब्लिशर्स
_c
1977
300
_a
156
630
_a
आनंद साधना
730
_a
आनंद साधना
942
_c
BOOK
999
_c
412204
_d
412201